[Event "Titled Tuesday intern op 21st Feb Early"]
[Site "Chess.com INT"]
[Date "2023.02.21"]
[Round "10"]
[White "Ardila, Oscar Humberto"]
[Black "Dos Santos, Lucas Aparecido"]
[Result "0-1"]
[WhiteElo "1982"]
[BlackElo "2072"]
[PlyCount "78"]
[EventDate "2023.02.21"]
[EventType "swiss (blitz)"]
[EventRounds "11"]
[EventCountry "USA"]
[SourceTitle "CBM 212 Extra"]
[Source "ChessBase"]
[SourceDate "2023.03.31"]
[SourceVersion "1"]
[SourceVersionDate "2023.03.31"]
[SourceQuality "1"]

1. d4 Nf6 2. c4 e6 3. Nc3 d5 4. cxd5 exd5 5. Bg5 Be7 6. Nf3 0-0 7. e3 Bf5 8. Be2 c6 9. 0-0 Nbd7 10. Rc1 Re8 11. Na4 Nf8 12. Ne5 Ne6 13. Bh4 Ne4 14. Bxe7 Qxe7 15. Nc3 f6 16. Nf3 N6g5 17. Nxe4 Nxe4 18. Nd2 Qe6 19. Nxe4 Bxe4 20. Bf3 f5 21. g3 Bxf3 22. Qxf3 Qe4 23. Kg2 Re6 24. b4 a6 25. a4 Rae8 26. Qxe4 fxe4 27. Rb1 Rf6 28. Rb2 Ref8 29. b5 axb5 30. axb5 h5 31. bxc6 bxc6 32. h4 Rf3 33. Rc1 R8f6 34. Rc5 Kh7 35. Rbc2 g6 36. Kg1 Kh6 37. Rxc6 Rxf2 38. Rxf2 Rxc6 39. Rf6 Rxf6 0-1

[Event "Titled Tuesday intern op 21st Feb Early"]
[Site "Chess.com INT"]
[Date "2023.02.21"]
[Round "1"]
[White "Berezin, Viktor1111"]
[Black "Dos Santos, Lucas Aparecido"]
[Result "1-0"]
[WhiteElo "2307"]
[BlackElo "2072"]
[PlyCount "83"]
[EventDate "2023.02.21"]
[EventType "swiss (blitz)"]
[EventRounds "11"]
[EventCountry "USA"]
[SourceTitle "CBM 212 Extra"]
[Source "ChessBase"]
[SourceDate "2023.03.31"]
[SourceVersion "1"]
[SourceVersionDate "2023.03.31"]
[SourceQuality "1"]

1. d4 Nf6 2. c4 g6 3. Nf3 d6 4. g3 Bg7 5. Bg2 0-0 6. 0-0 c6 7. Nc3 Nbd7 8. e4 e5 9. h3 Qc7 10. Re1 Re8 11. dxe5 dxe5 12. Be3 Bf8 13. Qc2 a5 14. Rad1 Nc5 15. Bg5 Bg7 16. Qc1 Ne6 17. Bh6 Bh8 18. Qe3 a4 19. Rc1 Bd7 20. Red1 Qa5 21. Rd6 Rad8 22. Rcd1 Bc8 23. Rxd8 Rxd8 24. Rxd8+ Nxd8 25. Qd3 Ne6 26. Qd6 Ne8 27. Qb8 Qc7 28. Qxc7 N8xc7 29. Nxa4 Nd4 30. Nb6 Be6 31. Be3 Nc2 32. Bd2 Nd4 33. Ng5 h6 34. Nxe6 Ncxe6 35. Kf1 Bg7 36. b4 Bf8 37. Bc3 c5 38. b5 Kg7 39. a4 Nb3 40. a5 f6 41. Nd5 Nc7 42. Nxc7 1-0

[Event "Titled Tuesday intern op 21st Feb Early"]
[Site "Chess.com INT"]
[Date "2023.02.21"]
[Round "8"]
[White "Dos Santos, Lucas Aparecido"]
[Black "Broca Jimenez, Fernando"]
[Result "1-0"]
[WhiteElo "2072"]
[BlackElo "2075"]
[PlyCount "47"]
[EventDate "2023.02.21"]
[EventType "swiss (blitz)"]
[EventRounds "11"]
[EventCountry "USA"]
[SourceTitle "CBM 212 Extra"]
[Source "ChessBase"]
[SourceDate "2023.03.31"]
[SourceVersion "1"]
[SourceVersionDate "2023.03.31"]
[SourceQuality "1"]

1. e4 c5 2. Nf3 g6 3. d4 cxd4 4. Nxd4 Nc6 5. Nb3 Nf6 6. Nc3 Bg7 7. Be3 0-0 8. f3 d6 9. Qd2 Be6 10. 0-0-0 Rc8 11. Kb1 Na5 12. Nxa5 Qxa5 13. Nd5 Qd8 14. h4 Nxd5 15. exd5 Bf5 16. Bd3 Bxd3 17. Qxd3 Qa5 18. h5 Rc3 19. bxc3 Bxc3 20. Qc4 b5 21. Qb3 Rc8 22. hxg6 hxg6 23. Bd4 Rc4 24. Rh8# 1-0

[Event "Titled Tuesday intern op 21st Feb Late"]
[Site "Chess.com INT"]
[Date "2023.02.21"]
[Round "11"]
[White "Dos Santos, Lucas Aparecido"]
[Black "Melikhov, Evgeny V"]
[Result "0-1"]
[WhiteElo "2072"]
[BlackElo "2269"]
[PlyCount "42"]
[EventDate "2023.02.21"]
[EventType "swiss (blitz)"]
[EventRounds "11"]
[EventCountry "USA"]
[SourceTitle "CBM 212 Extra"]
[Source "ChessBase"]
[SourceDate "2023.03.31"]
[SourceVersion "1"]
[SourceVersionDate "2023.03.31"]
[SourceQuality "1"]

1. e4 c5 2. Nf3 d6 3. d4 cxd4 4. Nxd4 Nf6 5. Nc3 a6 6. Be3 e5 7. Nb3 Be6 8. f3 Be7 9. Qd2 0-0 10. 0-0-0 Nbd7 11. Kb1 b5 12. g4 Qc7 13. Nd5 Bxd5 14. exd5 a5 15. Bxb5 a4 16. Nc1 Rfb8 17. Bd3 Nc5 18. h4 Qb7 19. Qc3 Nxd5 20. Qa3 Nxe3 21. Rde1 Nd5 0-1

[Event "Titled Tuesday intern op 03rd Jan Late"]
[Site "Chess.com INT"]
[Date "2023.01.03"]
[Round "6"]
[White "Dos Santos, Lucas Aparecido"]
[Black "Pein, Jonathan"]
[Result "0-1"]
[WhiteElo "2072"]
[BlackElo "2252"]
[PlyCount "66"]
[EventDate "2023.01.03"]
[EventType "swiss (blitz)"]
[EventRounds "11"]
[EventCountry "USA"]
[SourceTitle "EXT 2024"]
[Source "ChessBase"]
[SourceDate "2023.10.10"]
[SourceVersion "1"]
[SourceVersionDate "2023.10.10"]
[SourceQuality "1"]

1. d4 d5 2. c4 c6 3. Nc3 Bf5 4. Nf3 e6 5. cxd5 exd5 6. Bf4 Bd6 7. Bxd6 Qxd6 8. e3 Nf6 9. Bd3 Ne4 10. 0-0 Nd7 11. Qc2 Ndf6 12. Ne5 Bg6 13. f3 Nxc3 14. bxc3 Bxd3 15. Qxd3 0-0 16. Rae1 Rad8 17. e4 dxe4 18. fxe4 Qxe5 19. dxe5 Rxd3 20. exf6 Rxc3 21. fxg7 Rd8 22. e5 Re8 23. Rb1 b6 24. Rbc1 Rxc1 25. Rxc1 c5 26. Re1 Kxg7 27. Kf2 Re6 28. Kf3 Kg6 29. Re4 h5 30. h4 f6 31. exf6 Rxe4 32. Kxe4 Kxf6 33. Kf4 b5 0-1

[Event "Titled Tuesday intern op 03rd Jan Late"]
[Site "Chess.com INT"]
[Date "2023.01.03"]
[Round "3"]
[White "Dos Santos, Lucas Aparecido"]
[Black "Xie, Bryan"]
[Result "1-0"]
[WhiteElo "2072"]
[BlackElo "2144"]
[PlyCount "57"]
[EventDate "2023.01.03"]
[EventType "swiss (blitz)"]
[EventRounds "11"]
[EventCountry "USA"]
[SourceTitle "EXT 2024"]
[Source "ChessBase"]
[SourceDate "2023.10.10"]
[SourceVersion "1"]
[SourceVersionDate "2023.10.10"]
[SourceQuality "1"]

1. d4 d5 2. c4 e6 3. Nf3 dxc4 4. Qa4+ Nd7 5. Qxc4 c5 6. e3 cxd4 7. Nxd4 Ngf6 8. b3 Be7 9. Bb2 0-0 10. Be2 a6 11. 0-0 Ne5 12. Qc2 b5 13. Nxb5 axb5 14. Bxe5 Bb7 15. Bxb5 Qd5 16. f4 Qxb5 17. Nc3 Qc6 18. Rac1 Nd5 19. Nxd5 Qxd5 20. Rfd1 Qe4 21. Qf2 Rfc8 22. h3 Rxc1 23. Rxc1 Bh4 24. Qe2 h6 25. Rc4 Qb1+ 26. Kh2 Rxa2 27. Rc8+ Bxc8 28. Qg4 Qe1 29. Qxg7# 1-0

[Event "Titled Tuesday intern op 06th Dec Late"]
[Site "Chess.com INT"]
[Date "2022.12.06"]
[Round "1"]
[White "Al Tarbosh, Ward"]
[Black "Dos Santos, Lucas Aparecido"]
[Result "0-1"]
[WhiteElo "2242"]
[BlackElo "2072"]
[PlyCount "68"]
[EventDate "2022.12.06"]
[EventType "swiss (blitz)"]
[EventRounds "11"]
[EventCountry "USA"]
[SourceTitle "CBM 211 Extra"]
[Source "ChessBase"]
[SourceDate "2023.01.31"]
[SourceVersion "1"]
[SourceVersionDate "2023.01.31"]
[SourceQuality "1"]

1. e4 c5 2. Nf3 d6 3. d4 cxd4 4. Nxd4 Nf6 5. Nc3 a6 6. h3 e5 7. Nde2 Nc6 8. g4 h6 9. Bg2 Be6 10. 0-0 Qc7 11. Ng3 g6 12. Be3 Bg7 13. Qd2 h5 14. g5 Nd7 15. Rad1 Bf8 16. f4 exf4 17. Bxf4 Nde5 18. Nd5 Bxd5 19. exd5 Nb8 20. Bxe5 dxe5 21. d6 Qb6+ 22. Kh1 Nd7 23. Bd5 0-0-0 24. Rxf7 Kb8 25. Be6 Nc5 26. Qd5 Nxe6 27. Qxe6 Qc6+ 28. Qd5 Rxd6 29. c4 Rxd5 30. cxd5 Qc2 31. Rdf1 Bc5 32. Rd7 e4 33. Rff7 Qd1+ 34. Nf1 Qd4 0-1

[Event "Titled Tuesday intern op 06th Dec Late"]
[Site "Chess.com INT"]
[Date "2022.12.06"]
[Round "7"]
[White "Dos Santos, Lucas Aparecido"]
[Black "Pein, Jonathan"]
[Result "1/2-1/2"]
[WhiteElo "2072"]
[BlackElo "2252"]
[PlyCount "205"]
[EventDate "2022.12.06"]
[EventType "swiss (blitz)"]
[EventRounds "11"]
[EventCountry "USA"]
[SourceTitle "CBM 211 Extra"]
[Source "ChessBase"]
[SourceDate "2023.01.31"]
[SourceVersion "1"]
[SourceVersionDate "2023.01.31"]
[SourceQuality "1"]

1. e4 c6 2. d4 d5 3. e5 Bf5 4. Nf3 Nd7 5. Bd3 Bxd3 6. Qxd3 e6 7. 0-0 c5 8. c3 Ne7 9. Na3 Nf5 10. Nc2 Rc8 11. Re1 Be7 12. h3 Qb6 13. Ne3 Nxe3 14. Bxe3 0-0 15. Qd2 cxd4 16. Bxd4 Bc5 17. Rad1 Qa6 18. a3 Qa4 19. Qf4 Rc7 20. Kh2 Rfc8 21. Ng5 Nf8 22. h4 Ng6 23. Qg3 Ne7 24. Qd3 g6 25. h5 Bxd4 26. cxd4 Qc2 27. hxg6 fxg6 28. Nxe6 Qxd3 29. Rxd3 Rc2 30. Rb3 b6 31. Kg1 Nf5 32. Nf4 Nxd4 33. Rd3 Nf5 34. Nxd5 Kf7 35. Nf6 Re8 36. Nxe8 Kxe8 37. b4 Ke7 38. g4 Ng7 39. Rh3 h5 40. gxh5 Nxh5 41. Rd3 Nf4 42. Rf3 g5 43. Kh2 g4 44. Rxf4 Ke6 45. Rxg4 Rxf2+ 46. Kg3 Rc2 47. Rg6+ Kf7 48. Rf6+ Ke7 49. Rh6 Rc3+ 50. Kf4 Rxa3 51. Kf5 Rf3+ 52. Ke4 Rb3 53. Rh7+ Ke6 54. Reh1 Rxb4+ 55. Kd3 Kxe5 56. Rxa7 Rb3+ 57. Kc2 Rg3 58. Rb7 Rg6 59. Rb1 Rc6+ 60. Kd2 Rd6+ 61. Ke2 Ke4 62. R7xb6 Rd8 63. Rb7 Rh8 64. R7b4+ Kd5 65. R1b3 Rh2+ 66. Kd3 Rh3+ 67. Kc2 Rh2+ 68. Kc3 Rh3+ 69. Kb2 Rh2+ 70. Ka3 Kc5 71. Rc3+ Kd5 72. Rc8 Rh3+ 73. Ka4 Rh1 74. Rb2 Ra1+ 75. Kb3 Ke6 76. Rd2 Rb1+ 77. Kc2 Rb7 78. Rc3 Ke5 79. Re3+ Kf4 80. Re8 Rc7+ 81. Kd1 Kf3 82. Rd5 Rf7 83. Rd2 Rf6 84. Rd3+ Kf2 85. Kd2 Kg2 86. Kc2 Rc6+ 87. Rc3 Rd6 88. Re2+ Kf1 89. Rd2 Rb6 90. Kd3 Rd6+ 91. Ke3 Re6+ 92. Kf3 Rf6+ 93. Ke4 Re6+ 94. Kf5 Re1 95. Rcc2 Kg1 96. Rg2+ Kh1 97. Kg4 Re4+ 98. Kf3 Rf4+ 99. Ke3 Re4+ 100. Kf2 Rf4+ 101. Kg3 Rg4+ 102. Kh3 Rxg2 103. Rxg2 1/2-1/2

[Event "Titled Tuesday intern op 06th Dec Late"]
[Site "Chess.com INT"]
[Date "2022.12.06"]
[Round "11"]
[White "Hoffmann, Asa"]
[Black "Dos Santos, Lucas Aparecido"]
[Result "1-0"]
[WhiteElo "2185"]
[BlackElo "2072"]
[PlyCount "39"]
[EventDate "2022.12.06"]
[EventType "swiss (blitz)"]
[EventRounds "11"]
[EventCountry "USA"]
[SourceTitle "CBM 211 Extra"]
[Source "ChessBase"]
[SourceDate "2023.01.31"]
[SourceVersion "1"]
[SourceVersionDate "2023.01.31"]
[SourceQuality "1"]

1. d4 Nf6 2. Bg5 Ne4 3. Bf4 d5 4. f3 Nf6 5. e4 dxe4 6. Nc3 exf3 7. Nxf3 c6 8. Bc4 e6 9. Qe2 Be7 10. 0-0-0 0-0 11. Ne5 Nd5 12. Bd2 Bg5 13. Ne4 Bxd2+ 14. Rxd2 a5 15. Rf1 b5 16. Bd3 Nb4 17. Nf6+ gxf6 18. Bxh7+ Kxh7 19. Qh5+ Kg7 20. Rf3 1-0

[Event "Titled Tuesday intern op 29th Nov Late"]
[Site "Chess.com INT"]
[Date "2022.11.29"]
[Round "2"]
[White "Bettalli, Francesco"]
[Black "Dos Santos, Lucas Aparecido"]
[Result "1-0"]
[WhiteElo "2211"]
[BlackElo "2072"]
[PlyCount "39"]
[EventDate "2022.11.29"]
[EventType "swiss (blitz)"]
[EventRounds "11"]
[EventCountry "USA"]
[SourceTitle "EXT 2024"]
[Source "ChessBase"]
[SourceDate "2023.10.10"]
[SourceVersion "1"]
[SourceVersionDate "2023.10.10"]
[SourceQuality "1"]

1. d4 Nf6 2. Nc3 d5 3. Bg5 Bf5 4. Bxf6 exf6 5. e3 Be7 6. Bd3 Bxd3 7. Qxd3 Nd7 8. Nxd5 Bd6 9. Nf3 0-0 10. c4 c6 11. Nc3 g6 12. 0-0 f5 13. e4 fxe4 14. Nxe4 Bc7 15. Rad1 Re8 16. Rfe1 Nf8 17. Qc3 Ne6 18. d5 cxd5 19. cxd5 Nf4 20. Nf6+ 1-0

[Event "Titled Tuesday intern op 29th Nov Late"]
[Site "Chess.com INT"]
[Date "2022.11.29"]
[Round "11"]
[White "Brown, Andrew"]
[Black "Dos Santos, Lucas Aparecido"]
[Result "1-0"]
[WhiteElo "2279"]
[BlackElo "2072"]
[PlyCount "41"]
[EventDate "2022.11.29"]
[EventType "swiss (blitz)"]
[EventRounds "11"]
[EventCountry "USA"]
[SourceTitle "EXT 2024"]
[Source "ChessBase"]
[SourceDate "2023.10.10"]
[SourceVersion "1"]
[SourceVersionDate "2023.10.10"]
[SourceQuality "1"]

1. d4 Nf6 2. c4 e6 3. Nc3 d5 4. g3 Be7 5. Bg2 0-0 6. Nf3 c6 7. 0-0 Re8 8. Bf4 Nbd7 9. c5 Nf8 10. h4 h6 11. Ne5 Bd7 12. b4 b6 13. b5 bxc5 14. bxc6 Bc8 15. e4 cxd4 16. Qxd4 dxe4 17. Qa4 Bd6 18. Rfd1 Qc7 19. Nb5 Bxe5 20. Nxc7 Bxc7 21. Bxc7 1-0

[Event "Titled Tuesday intern op 29th Nov Late"]
[Site "Chess.com INT"]
[Date "2022.11.29"]
[Round "8"]
[White "Qashashvili, Alexandre"]
[Black "Dos Santos, Lucas Aparecido"]
[Result "1-0"]
[WhiteElo "2505"]
[BlackElo "2072"]
[PlyCount "81"]
[EventDate "2022.11.29"]
[EventType "swiss (blitz)"]
[EventRounds "11"]
[EventCountry "USA"]
[SourceTitle "EXT 2024"]
[Source "ChessBase"]
[SourceDate "2023.10.10"]
[SourceVersion "1"]
[SourceVersionDate "2023.10.10"]
[SourceQuality "1"]

1. e4 c5 2. Nc3 Nc6 3. Nf3 g6 4. d3 Bg7 5. Be3 d6 6. Qd2 Nd4 7. Be2 h5 8. h3 e5 9. Nd5 Be6 10. c3 Nxe2 11. Qxe2 Bxd5 12. exd5 f5 13. Bg5 Bf6 14. Bxf6 Nxf6 15. c4 h4 16. Ng5 Qe7 17. Ne6 Nh5 18. 0-0-0 a6 19. Rhe1 b5 20. f4 Ng3 21. Qe3 e4 22. dxe4 Nxe4 23. Qf3 bxc4 24. Rxe4 fxe4 25. Qxe4 Ra7 26. Qxg6+ Qf7 27. Qe4 Kd7 28. Qxc4 Rb8 29. Qa4+ Rb5 30. Qc4 Rb4 31. Qe2 Qf6 32. Rd2 Rab7 33. Qg4 Ke7 34. Qe2 Kd7 35. Qg4 Ke7 36. Re2 Rxb2 37. Nxc5+ Rxe2 38. Qxe2+ Kf7 39. Nxb7 Qa1+ 40. Kd2 Qxa2+ 41. Ke3 1-0

[Event "Titled Tuesday intern op 29th Nov Late"]
[Site "Chess.com INT"]
[Date "2022.11.29"]
[Round "3"]
[White "Quinonez Garcia, Santiago"]
[Black "Dos Santos, Lucas Aparecido"]
[Result "1-0"]
[WhiteElo "2280"]
[BlackElo "2072"]
[PlyCount "85"]
[EventDate "2022.11.29"]
[EventType "swiss (blitz)"]
[EventRounds "11"]
[EventCountry "USA"]
[SourceTitle "EXT 2024"]
[Source "ChessBase"]
[SourceDate "2023.10.10"]
[SourceVersion "1"]
[SourceVersionDate "2023.10.10"]
[SourceQuality "1"]

1. e4 c5 2. Nf3 d6 3. d4 cxd4 4. Nxd4 Nf6 5. Nc3 a6 6. a4 e6 7. Be3 Qc7 8. Be2 Be7 9. 0-0 0-0 10. f4 Nbd7 11. Bf3 Nb6 12. Qe1 Nc4 13. Bc1 Qb6 14. Rf2 e5 15. Nb3 exf4 16. a5 Qc7 17. Bxf4 Nxb2 18. Nd4 Nc4 19. Nf5 Bxf5 20. exf5 Rfe8 21. Re2 Bf8 22. Rb1 Rxe2 23. Qxe2 Re8 24. Qd3 Ne5 25. Bxe5 dxe5 26. Rxb7 Qxa5 27. h3 Qa1+ 28. Kh2 Qe1 29. Nd5 Nxd5 30. Bxd5 Re7 31. Bxf7+ Kh8 32. Qd8 h5 33. Qxf8+ Kh7 34. Bg6+ Kh6 35. Qxe7 h4 36. Qxg7+ Kg5 37. Bh7+ Kf4 38. Qg4+ Ke3 39. Qf3+ Kd2 40. Rd7+ Kc1 41. Qa3+ Kxc2 42. Rc7+ Kd2 43. Qc3+ 1-0

[Event "Titled Tuesday intern op 29th Nov Late"]
[Site "Chess.com INT"]
[Date "2022.11.29"]
[Round "5"]
[White "Rodriguez Santiago, Jaime"]
[Black "Dos Santos, Lucas Aparecido"]
[Result "0-1"]
[WhiteElo "1987"]
[BlackElo "2072"]
[PlyCount "138"]
[EventDate "2022.11.29"]
[EventType "swiss (blitz)"]
[EventRounds "11"]
[EventCountry "USA"]
[SourceTitle "EXT 2024"]
[Source "ChessBase"]
[SourceDate "2023.10.10"]
[SourceVersion "1"]
[SourceVersionDate "2023.10.10"]
[SourceQuality "1"]

1. c4 e5 2. Nc3 Nf6 3. g3 d5 4. cxd5 Nxd5 5. Bg2 Nb6 6. e3 Nc6 7. Nge2 Be7 8. 0-0 0-0 9. f4 Bf6 10. b3 exf4 11. Rxf4 Re8 12. Bb2 Nb4 13. d4 Rxe3 14. Ne4 Be7 15. Qf1 Be6 16. Nc5 Nd3 17. Nxe6 Rxe6 18. d5 Rxe2 19. Qxe2 Nxf4 20. gxf4 Nxd5 21. Rd1 c6 22. Bxd5 cxd5 23. Qg2 Bf6 24. Rxd5 Qb6+ 25. Kh1 Bxb2 26. Qxb2 Qc6 27. Qg2 Re8 28. h3 h6 29. Kh2 Qc1 30. Rd2 Qe1 31. f5 Qe5+ 32. Qg3 Qxf5 33. Rg2 Qe5 34. Qxe5 Rxe5 35. Rc2 Re7 36. Kg3 Kh7 37. h4 h5 38. Rc5 g6 39. Rc8 Kg7 40. Rc3 f6 41. a4 Kh6 42. a5 g5 43. hxg5+ fxg5 44. b4 Kg6 45. b5 h4+ 46. Kh3 Kh5 47. b6 g4+ 48. Kg2 axb6 49. axb6 Re2+ 50. Kf1 Rb2 51. Rc5+ Kg6 52. Rc4 Kg5 53. Rc5+ Kf4 54. Rc7 Rxb6 55. Rc4+ Kg3 56. Rc3+ Kh2 57. Rc2+ Kh3 58. Rc3+ g3 59. Rc1 Rf6+ 60. Kg1 b5 61. Rb1 Rb6 62. Rb4 Rb8 63. Rb3 b4 64. Rb1 b3 65. Rb2 Rb7 66. Kh1 Kg4 67. Kg2 h3+ 68. Kh1 Rc7 69. Rb1 b2 0-1

[Event "Florianopolis Spring op 2nd"]
[Site "Florianopolis"]
[Date "2022.10.23"]
[Round "6"]
[White "Heredia Serrano, Carla Sofia"]
[Black "Dos Santos, Lucas Aparecido"]
[Result "0-1"]
[WhiteElo "2095"]
[BlackElo "2073"]
[PlyCount "72"]
[EventDate "2022.10.21"]
[EventType "swiss"]
[EventRounds "6"]
[EventCountry "BRA"]
[SourceTitle "EXT 2024"]
[Source "ChessBase"]
[SourceDate "2023.10.10"]
[SourceVersion "1"]
[SourceVersionDate "2023.10.10"]
[SourceQuality "1"]

1. e4 c5 2. Nf3 a6 3. b3 e6 4. Bb2 d6 5. d4 cxd4 6. Nxd4 Nf6 7. Bd3 Be7 8. 0-0 Qc7 9. c4 Nbd7 10. Nd2 b6 11. Rc1 Bb7 12. Qe2 0-0 13. Kh1 Rac8 14. Bb1 Qb8 15. Qe3 Rfe8 16. Rce1 Qa8 17. Qh3 Nc5 18. Re3 Ncd7 19. f4 Nf8 20. Rg3 Rc5 21. Re3 b5 22. cxb5 axb5 23. Qg3 b4 24. N4f3 g6 25. Bd4 Rc7 26. Qf2 Ng4 27. Qg3 Nxe3 28. Bxe3 Bf6 29. e5 dxe5 30. fxe5 Bg7 31. Qh4 Rec8 32. Nc4 Qa6 33. Bh6 Rxc4 34. bxc4 Rxc4 35. Qh3 Rh4 36. Qxh4 Qxf1+ 0-1

[Event "Florianopolis Winter op 6th"]
[Site "Florianopolis"]
[Date "2022.07.16"]
[Round "8"]
[White "Dos Santos, Lucas Aparecido"]
[Black "Pires, Marcos Vinicius Tor"]
[Result "1/2-1/2"]
[WhiteElo "2047"]
[BlackElo "2287"]
[PlyCount "51"]
[EventDate "2022.07.13"]
[EventType "swiss"]
[EventRounds "9"]
[EventCountry "BRA"]
[SourceTitle "CBM 209 Extra"]
[Source "ChessBase"]
[SourceDate "2022.09.30"]
[SourceVersion "1"]
[SourceVersionDate "2022.09.30"]
[SourceQuality "1"]

1. d4 d5 2. c4 c6 3. Nf3 Nf6 4. Nc3 a6 5. c5 Bf5 6. Bf4 Nbd7 7. h3 h6 8. e3 e6 9. Bd3 Be7 10. 0-0 0-0 11. Qc2 Bxd3 12. Qxd3 Re8 13. b4 Qc8 14. Rfb1 Bd8 15. e4 dxe4 16. Nxe4 Nxe4 17. Qxe4 Nf6 18. Qd3 Nd5 19. Be5 f6 20. Bg3 Bc7 21. Nd2 e5 22. dxe5 Bxe5 23. Bxe5 Rxe5 24. Nc4 Rg5 25. Qf3 Rf5 26. Qg3 1/2-1/2

[Event "Florianopolis Winter op 6th"]
[Site "Florianopolis"]
[Date "2022.07.15"]
[Round "5"]
[White "Dos Santos, Lucas Aparecido"]
[Black "Matsuura, Everaldo"]
[Result "0-1"]
[WhiteElo "2047"]
[BlackElo "2440"]
[PlyCount "74"]
[EventDate "2022.07.13"]
[EventType "swiss"]
[EventRounds "9"]
[EventCountry "BRA"]
[SourceTitle "CBM 209 Extra"]
[Source "ChessBase"]
[SourceDate "2022.09.30"]
[SourceVersion "1"]
[SourceVersionDate "2022.09.30"]
[SourceQuality "1"]

1. e4 e5 2. Nf3 Nc6 3. Bb5 a6 4. Ba4 Nf6 5. d3 d6 6. c3 Bd7 7. Nbd2 g6 8. Nf1 Bg7 9. Ng3 0-0 10. h3 b5 11. Bc2 d5 12. 0-0 h6 13. a4 Be6 14. Re1 Re8 15. Nh2 Qd7 16. Qf3 Kh7 17. Ngf1 d4 18. Bd2 Qd6 19. Ng4 Nxg4 20. hxg4 dxc3 21. bxc3 b4 22. cxb4 Nd4 23. Qd1 Bxg4 24. Qb1 Red8 25. Ne3 Be6 26. Bd1 Rab8 27. Qc1 Nc6 28. Nc4 Qxd3 29. Be2 Qxe4 30. Bf1 Qd5 31. b5 axb5 32. axb5 Nd4 33. Na5 Ra8 34. Bc4 Qd7 35. Bxe6 Nxe6 36. Nc4 Rxa1 37. Qxa1 Qxb5 0-1

[Event "Florianopolis Winter op 6th"]
[Site "Florianopolis"]
[Date "2022.07.14"]
[Round "3"]
[White "Dos Santos, Lucas Aparecido"]
[Black "Silva, Kaua Marques"]
[Result "1/2-1/2"]
[WhiteElo "2047"]
[BlackElo "2163"]
[PlyCount "51"]
[EventDate "2022.07.13"]
[EventType "swiss"]
[EventRounds "9"]
[EventCountry "BRA"]
[SourceTitle "CBM 209 Extra"]
[Source "ChessBase"]
[SourceDate "2022.09.30"]
[SourceVersion "1"]
[SourceVersionDate "2022.09.30"]
[SourceQuality "1"]

1. e4 c6 2. d4 d5 3. e5 Bf5 4. Nf3 e6 5. Bd3 Bxd3 6. Qxd3 c5 7. dxc5 Nd7 8. Qb5 Qc7 9. Be3 a6 10. Qa4 Bxc5 11. Bxc5 Qxc5 12. Nc3 Ne7 13. 0-0-0 Nc6 14. Qg4 0-0 15. Nxd5 Ncxe5 16. Nxe5 Nxe5 17. Nf6+ Kh8 18. Qh4 h6 19. Nd7 Nxd7 20. Rxd7 Qc6 21. Rdd1 Rac8 22. c3 Qxg2 23. Rhg1 Qc6 24. Rxg7 Kxg7 25. Rg1+ Kh7 26. Qf6 1/2-1/2

[Event "Florianopolis Winter op 6th"]
[Site "Florianopolis"]
[Date "2022.07.13"]
[Round "1"]
[White "Dos Santos, Lucas Aparecido"]
[Black "Dos Santos, Luiz A Godoy M"]
[Result "1-0"]
[WhiteElo "2047"]
[BlackElo "1481"]
[PlyCount "107"]
[EventDate "2022.07.13"]
[EventType "swiss"]
[EventRounds "9"]
[EventCountry "BRA"]
[SourceTitle "CBM 209 Extra"]
[Source "ChessBase"]
[SourceDate "2022.09.30"]
[SourceVersion "1"]
[SourceVersionDate "2022.09.30"]
[SourceQuality "1"]

1. e4 d6 2. d4 g6 3. c4 Bg7 4. Nc3 Nf6 5. Be2 0-0 6. Nf3 Nbd7 7. 0-0 e5 8. d5 Ne8 9. Ne1 f5 10. f3 f4 11. Nd3 a6 12. b4 Qh4 13. Qe1 Qh5 14. g4 Qh3 15. Bd2 g5 16. Rf2 Rf6 17. Bf1 Qh6 18. c5 Qg6 19. a4 h5 20. c6 Nb6 21. h3 bxc6 22. dxc6 Be6 23. Nb2 d5 24. Nd3 hxg4 25. hxg4 Qh7 26. Rh2 Rh6 27. Rxh6 Qxh6 28. a5 Nc4 29. exd5 Bf7 30. Ra2 Nf6 31. Nc5 Nd6 32. Nxa6 Nxd5 33. Nxd5 Bxd5 34. Nxc7 Bxa2 35. Nxa8 Bd5 36. Qb1 Bxc6 37. Nc7 e4 38. Bc3 e3 39. Qa2+ Kh8 40. Bxg7+ Qxg7 41. Ne6 Qe5 42. Qh2+ Kg8 43. Qh6 Bxf3 44. Qg6+ Kh8 45. Qh6+ Kg8 46. Qg6+ Kh8 47. Nxg5 Be4 48. Qxd6 Qxg5 49. Qd4+ Qg7 50. Qxe4 Qxg4+ 51. Qg2 Qf5 52. Qh3+ Qxh3 53. Bxh3 f3 54. Bg4 1-0

[Event "Titled Tuesday intern op 12th Jul Late"]
[Site "Chess.com INT"]
[Date "2022.07.12"]
[Round "3"]
[White "Dos Santos, Lucas Aparecido"]
[Black "Reprintsev, Alexander"]
[Result "0-1"]
[WhiteElo "2047"]
[BlackElo "2353"]
[PlyCount "76"]
[EventDate "2022.07.12"]
[EventType "swiss (blitz)"]
[EventRounds "11"]
[EventCountry "USA"]
[SourceTitle "EXT 2023"]
[Source "ChessBase"]
[SourceDate "2022.10.05"]
[SourceVersion "1"]
[SourceVersionDate "2022.10.05"]
[SourceQuality "1"]

1. e4 d5 2. exd5 Qxd5 3. Nc3 Qa5 4. d4 Nf6 5. Bc4 Bg4 6. Nf3 Nc6 7. Be3 0-0-0 8. h3 Qh5 9. Qe2 e5 10. dxe5 Nxe5 11. hxg4 Qxh1+ 12. Qf1 Qxf1+ 13. Bxf1 Nexg4 14. Bc4 Bb4 15. Ke2 Bxc3 16. bxc3 Nxe3 17. fxe3 Ne4 18. Bxf7 Nxc3+ 19. Kf2 Rhf8 20. Be6+ Kb8 21. Kg3 Ne4+ 22. Kh3 Rd6 23. Bf5 Rh6+ 24. Kg4 Nf2+ 25. Kg3 Rxf5 26. Kxf2 Rc6 27. Rc1 b6 28. e4 Rf4 29. Ke3 Rf8 30. Ne5 Rd6 31. c4 Kb7 32. c5 bxc5 33. Rxc5 Re8 34. Nd3 Rg6 35. Rc4 Rxg2 36. Nf4 Rg3+ 37. Kd4 Rd8+ 38. Nd5 c6 0-1

[Event "Mogi Guacu op"]
[Site "Mogi Guacu"]
[Date "2022.04.30"]
[Round "2"]
[White "Dos Santos, Lucas Aparecido"]
[Black "Feyerabend Rilho, Icaro"]
[Result "0-1"]
[WhiteElo "1750"]
[BlackElo "1826"]
[PlyCount "60"]
[EventDate "2022.04.29"]
[EventType "swiss"]
[EventRounds "6"]
[EventCountry "BRA"]
[SourceTitle "CBM 208 Extra"]
[Source "ChessBase"]
[SourceDate "2022.07.31"]
[SourceVersion "1"]
[SourceVersionDate "2022.07.31"]
[SourceQuality "1"]

1. d4 d5 2. c4 e6 3. Nc3 Nf6 4. e3 Bb4 5. a3 Bxc3+ 6. bxc3 0-0 7. Nf3 b6 8. cxd5 exd5 9. Bd3 Bg4 10. 0-0 Nbd7 11. c4 c5 12. cxd5 Nxd5 13. h3 Bh5 14. Bb2 Rc8 15. Be2 c4 16. e4 Nf4 17. Rc1 Bxf3 18. Bxf3 Nd3 19. Rb1 Nxb2 20. Rxb2 Nf6 21. Re1 Re8 22. Rc2 b5 23. Re3 a5 24. Qe1 Qb6 25. Qc3 b4 26. axb4 axb4 27. Qb2 b3 28. Rec3 Qxd4 29. Rd2 Qe5 30. Qb1 Qxc3 0-1